000 00641nam a2200181 a 4500
001 BRCA_911
005 20190320203213.0
008 100408s2008----mx-a---###---#000-0#spa-#
050 4 _aNK7358
_b.A43 2008
245 1 0 _aEl alhajero danés
_bdiseño contemporáneo = The Danish Jewellery Box : contemporary design.
260 _aMéxico
_bMuseo Franz Mayer
_c2008
300 _a46 p.
_bil. a color
_c22 cm.
500 _aLa biblioteca cuenta con un 2do. ejemplar
650 1 4 _aJoyería
_ySiglo XX
_zDinamarca
_93024
650 1 4 _aJoyería
_xDiseñadores
_zDinamarca
_93025
740 0 _aThe Danish Jewellery Box : contemporary design
942 _2lcc
_cB
999 _c804
_d804